| 000 | 00516nam a22001817a 4500 | ||
|---|---|---|---|
| 999 |
_c526428 _d526428 |
||
| 003 | NUST | ||
| 020 | _qHBK | ||
| 038 | _aFaiza | ||
| 082 |
_a891.4393 _bMUH |
||
| 100 |
_aMaghyana, Mohsin _917430 |
||
| 245 |
_aMasla hi koi nahi / _cMohsin Maghyana |
||
| 260 |
_aLahore : _bNabeel Niaz, _c1998. |
||
| 300 | _a224 p. ; | ||
| 880 |
_6100-01\r _aمحسن مگھیانہ |
||
| 880 |
_6245-02\r _aمسئلہ ہی کوئی نہیں / |
||
| 880 |
_6260-03\r _aلاہور : _bنبیل نیاز, _c۱۹۹۸. |
||
| 942 |
_2ddc _cBK |
||